[Event "51st Belgrade WGM 2019"]
[Site "Belgrade"]
[Date "2019.03.19"]
[Round "1.1"]
[White "Strutinskaia, Galina"]
[Black "Michelle Catherina, P."]
[Result "1-0"]
[WhiteElo "2225"]
[BlackElo "2175"]
[Annotator "TA"]
[PlyCount "93"]
[EventDate "2019.03.17"]
[EventType "tourn"]
[EventCountry "SRB"]
[SourceTitle "playchess.com"]
[Source "ChessBase"]
[SourceQuality "1"]

{[%evp 12,93,13,0,0,0,7,0,-2,-4,-8,-10,19,19,14,9,81,71,93,96,146,102,170,46,177,120,129,43,30,21,222,215,188,173,195,173,167,169,167,153,222,198,186,0,-11,0,32,47,92,55,95,42,30,-29,247,0,0,0,154,135,454,0,0,-80,-87,-401,-389,-402,91,85,6179,416,538,486,4686,0,0,0,29989,29990,29990,29991,29994,29995]} 1. c4 Nf6 2. Nf3 e6 3. g3 d5 4. b3 {[%cal Bb2b3,Bb3b4,Bb4b5][%mdl 32]} Be7 5. Bg2 O-O 6. Bb2 c5 7. O-O d4 {A14: English Opening: 1...e6 with b3 by White} (7... Nc6 8. e3 b6 9. Nc3 dxc4 10. bxc4 Bb7 11. Qe2 Rc8 12. Rad1 Qc7 13. Ne1 Ne8 14. f4 Nd6 15. Nf3 a6 16. a4 f5 17. d3 Bf6 18. h3 Nb4 19. g4 g6 {1-0 (31) Artemiev,V (2709)-Nakamura,H (2749) Caleta 2019}) 8. b4 Nc6 9. b5 Na5 {The position is equal.} 10. d3 Qc7 11. Bc1 Nd7 $146 ({Predecessor:} 11... e5 12. Bd2 Bd8 13. Bxa5 Qxa5 14. Nxe5 Re8 {1-0 (49) Harff,M (2217)-Magnussen,H (2131) Maastricht 2011}) 12. Nbd2 a6 13. a4 f5 (13... Qb8 $11 {remains equal.}) 14. Re1 $16 e5 15. e3 $1 Bf6 16. Rb1 Rb8 (16... dxe3 $16 {is a better defense.} 17. Rxe3 (17. fxe3 g5 $11) 17... Nb6) 17. Ba3 (17. exd4 $18 cxd4 18. Ba3) 17... Rd8 (17... dxe3 $14 18. fxe3 (18. Rxe3 b6 $11) 18... Qd6) 18. e4 ({White should play} 18. exd4 $18 {Threatens to win with Nxe5.} exd4 19. Bc1) 18... axb5 19. Rxb5 (19. axb5 $16 g6 20. Bh3) 19... f4 $1 $14 20. gxf4 exf4 $2 {[#]} (20... b6 $11) 21. e5 $1 $18 {[%cal Re5f6][%mdl 512]} Be7 (21... Nxe5 22. Nxe5) 22. Ne4 b6 23. Qd2 Rf8 24. Neg5 $1 {[%cal Rg5e6]} Bxg5 25. Nxg5 Nxe5 (25... f3 $16) 26. Bd5+ Kh8 {[#]} 27. Qe2 $2 (27. Bxc5 $1 $18 {[%mdl 512]} Rf5 (27... bxc5 28. Qxa5) 28. h4) 27... Nac6 $1 $11 {aiming for ...h6.} 28. a5 Bg4 29. f3 Qd8 30. h4 $1 ({Don't blunder} 30. fxg4 $2 Qxg5 31. Rxb6 Rbe8 $19) 30... Bf5 $1 {And now ...h6 would win.} 31. axb6 ({Better is} 31. Bxc6 $16 Nxc6 32. axb6) 31... Bxd3 $14 32. Qg2 (32. Qd2 $142 Bxc4 33. Bxc6 Bxb5 34. Rxe5) 32... Bxc4 $2 {[%mdl 8192]} (32... Rf6 $1 $11 33. Rxc5 (33. Bxc5 Bxc4 34. Bxc4 Nxc4 $15) 33... Rxb6) 33. Ne6 $2 (33. Bxc4 $18 d3 34. Bxc5) 33... Qf6 $11 34. Bxc4 Nxc4 $2 (34... Rfe8 $1 $11 35. Rxc5 Nxc4 36. Rxc6 Ne5) 35. Nxf8 $16 Nxa3 $2 {[%mdl 8192] [#]} (35... d3 $16 {is more resistant.}) 36. Rxc5 $2 (36. Nd7 $1 $18 {[%cal Rd7f6]} Qxh4 37. Re6) 36... Rxf8 $11 37. b7 (37. Rec1 $11 Nd8 38. Qb2) 37... d3 $17 38. Qf2 $2 {[%mdl 8192]} (38. Rd1 $17 {was the crucial defense.}) 38... Nc2 $19 39. Rb1 {Strongly threatening Rxc6!} Nb8 $2 (39... Rb8 $19 40. h5 N2d4) 40. Rc8 $16 {[%mdl 1024] Hoping for Qc5. White has strong compensation.} Ne3 $2 {[%mdl 8192]} (40... Kg8 $16) 41. Qb2 (41. Rbc1 $142 {Rxf8+ is the strong threat.} Nc2 42. Qc5) 41... Qg6+ 42. Kh1 {[%cal Rc8f8]} Rg8 {[#]} (42... Qf5 $142) 43. Rbc1 $2 $40 {[%mdl 128] White attacks.} (43. Qa2 $1 $18 {[%csl Ga2][%cal Rc8g8]} Re8 44. Rb5) 43... Qe6 $11 {White must now prevent ...Nc2.} 44. Kh2 $1 Qe7 $2 {[%mdl 8192]} (44... Nc2 $11 45. R1xc2 dxc2 46. Qxc2 Na6) 45. Rxg8+ {White mates.} Kxg8 46. Qb3+ Kf8 47. Rc8+ {[%mdl 64] Double Attack. Accuracy: White = 51%, Black = 24%.} 1-0

[Event "51st Belgrade WGM 2019"]
[Site "Belgrade"]
[Date "2019.03.19"]
[Round "1.2"]
[White "Djukic, Sandra"]
[Black "Voiska, Margarita"]
[Result "1/2-1/2"]
[WhiteElo "2157"]
[BlackElo "2203"]
[Annotator "TA"]
[PlyCount "141"]
[EventDate "2019.03.17"]
[EventType "tourn"]
[EventCountry "SRB"]
[SourceTitle "playchess.com"]
[Source "ChessBase"]
[SourceQuality "1"]

{[%evp 9,141,10,19,0,15,0,11,0,0,-20,0,0,0,-3,-8,-10,-12,-6,0,0,19,16,28,31,37,32,44,39,63,43,52,57,51,58,64,22,84,57,79,91,80,54,97,35,130,132,183,108,185,-112,-122,-106,-116,-80,-80,-218,-93,-421,-333,-298,-197,-329,-240,-224,-167,-133,-147,-145,-31,-49,-16,-111,-104,-100,0,0,0,0,0,0,0,0,0,0,0,0,0,0,0,-12,-12,-12,-12,-12,-12,-12,-12,-12,-12,-12,-12,-12,-12,-12,-12,-13,-13,-28,-28,-28,-28,-28,-28,-28,-28,-28,-28,-28,-12,-28,-20,-28,-14,-16,-14,-20,-16,-16,-14,-28,0,-28,-16,-28]} 1. d4 f5 2. g3 Nf6 3. Bg2 e6 4. c3 (4. c4 d5 5. Nd2 Bd6 6. Nh3 O-O 7. O-O Nc6 8. e3 b6 9. b3 a5 10. Bb2 Ba6 11. Nf4 Bxf4 12. exf4 Ne4 {0-1 (33) Karjakin,S (2781)-Carlsen,M (2832) Stavanger 2017}) 4... d5 5. Nh3 Bd6 6. Bf4 {A81: Dutch Defence: 2 g3} O-O 7. Nd2 Be7 $146 ({Predecessor:} 7... c5 8. Bxd6 Qxd6 9. dxc5 Qxc5 10. Nf4 Rd8 {½-½ (10) Murshed,N (2505)-Ye,R (2515) Cebu 1992}) 8. O-O h6 9. Nb3 g5 10. Bd2 a5 11. f3 a4 12. Nc1 c5 13. Nd3 cxd4 14. cxd4 Nc6 15. Bc3 Qb6 16. e3 $1 a3 17. b3 Bd7 18. Nhf2 Rfc8 19. Qd2 Be8 20. Rac1 Bf7 21. Rfe1 Ne8 22. Kh1 Qd8 (22... Nc7 $11) 23. e4 $16 Nc7 24. exf5 exf5 25. Bh3 Bg6 26. Nb4 (26. Ne5 $16 Nxe5 27. dxe5 (27. Rxe5 Qf8 $16)) 26... Nxb4 (26... Bxb4 $14 27. Bxb4 Nb5) 27. Bxb4 Bf6 (27... Bd6 $16) 28. Qd3 (28. Nd3 $18) 28... Qd7 {[#]} (28... Bg7 $16 {was necessary.}) 29. Re5 $2 ({Only move:} 29. Ng4 $1 $18 {[%cal Rg4f6][%mdl 512]} Bg7 (29... fxg4 30. Qxg6+) 30. Ne5 Bxe5 31. Rxe5) 29... Bxe5 30. dxe5 Na6 31. Rxc8+ Rxc8 32. Bd6 (32. Bxa3 $17 {was the only defense.} Nc5 33. Bxc5 Rxc5 34. g4) 32... Qe6 (32... Nc5 $1 $19 {[%cal Rc5d3]} 33. Qxd5+ {[%mdl 64] Double Attack} Ne6) 33. b4 $2 {[%mdl 8192]} (33. Qd2 $17 {is a better chance.}) 33... Rc1+ 34. Kg2 Rc4 35. b5 (35. Qxa3 $142 Nc7 36. Kg1) 35... Nc5 36. Qxa3 Na4 37. Kg1 Nc3 $1 38. Qb2 Qd7 (38... Rc8 $17 39. Nd3 Qe8) 39. Bf1 $15 Rc8 40. Qb3 {[#]} (40. a4 $11 {remains equal.}) 40... Bf7 $1 $17 41. a4 {[#]} g4 (41... Qd8 $1 $17 42. Qa3 Qa5) 42. fxg4 $11 Ne4 43. Nxe4 fxe4 44. Qe3 Qxg4 45. a5 {[#]} d4 $1 {[%mdl 512]} 46. Qxd4 {And now a6 would win.} Rc1 47. e6 $1 {[%cal Re6f7]} Bxe6 48. Bf4 $1 {[%cal Rf4c1]} Qd1 49. Qxd1 Rxd1 {[%mdl 4096] Endgame KRB-KB} 50. Kf2 Ra1 51. a6 bxa6 52. bxa6 Bc8 53. Bc4+ Kh7 54. Ke3 Bxa6 (54... Ra4 {seems wilder.} 55. Bb5 Ra5 56. Be2 Kg6 57. Kxe4 h5) 55. Bxa6 Rxa6 56. Kxe4 {KR-KB} Kg6 57. Kf3 h5 {Threatens to win with ...Kf5.} 58. Kg2 Kf5 {aiming for ...h4!} 59. Kh3 Ra2 {White must now prevent ...h4!} 60. Bc7 Rc2 61. Bd6 Rc4 62. Bf4 Ra4 63. Kh4 Ra2 {[%cal Ra2h2]} 64. Kh3 Ke4 {Hoping for ...h4!} 65. Bd6 Kf3 66. Bc5 Rc2 67. Ba7 Rc4 68. Bb8 Re4 {Threatening ...Re2.} 69. Bc7 Rc4 70. Bb8 Rg4 {Black wants to play ...Rc4.} 71. Bc7 {Accuracy: White = 50%, Black = 37%.} 1/2-1/2

[Event "51st Belgrade WGM 2019"]
[Site "Belgrade"]
[Date "2019.03.19"]
[Round "1.3"]
[White "Dimitrova, Aleksandra"]
[Black "Benderac, Ana"]
[Result "1-0"]
[WhiteElo "2259"]
[BlackElo "2204"]
[Annotator "TA"]
[PlyCount "81"]
[EventDate "2019.03.17"]
[EventType "tourn"]
[EventCountry "SRB"]
[SourceTitle "playchess.com"]
[Source "ChessBase"]
[SourceQuality "1"]

{[%evp 16,81,33,39,44,19,52,29,41,29,41,34,58,48,53,42,34,31,40,5,79,60,58,45,106,60,120,110,131,119,131,106,208,212,337,91,203,205,195,-29,-36,-31,155,122,220,229,627,535,914,698,1562,1495,1058,341,341,334,622,302,497,504,473,68,490,459,667,643,756,457]} 1. e4 e5 2. Nf3 Nc6 3. Bb5 a6 4. Ba4 Be7 5. O-O d6 6. c3 Nf6 7. Re1 O-O 8. h3 b5 9. Bc2 Bb7 {C87: Closed Ruy Lopez: Steinitz-type lines after 6 Re1 d6} 10. a4 Re8 11. d3 Bf8 {White has an edge.} 12. Bg5 $146 ({Predecessor:} 12. Nbd2 Ne7 13. d4 Ng6 14. Bd3 Qd7 15. d5 c6 16. c4 Nf4 17. Bf1 bxc4 18. Nxc4 cxd5 {½-½ (39) Nayhebaver,M (2462)-Tazbir,M (2534) Slovakia 2018}) 12... h6 13. Bh4 g5 14. Bg3 Ne7 15. h4 g4 16. Nh2 h5 17. f3 {[%cal Rf3g4]} Qd7 (17... d5 $11 {remains equal.}) 18. Nd2 Ng6 19. Ndf1 Bh6 (19... d5 $14) 20. Ne3 {aiming for Nf5.} Bxe3+ (20... d5 $14) 21. Rxe3 $16 d5 22. Qf1 $1 Kg7 {[#]} 23. Qf2 $1 c5 (23... Qe6 $16 {keeps fighting.}) 24. Rf1 $18 {Hoping for fxg4.} d4 (24... dxe4 $142 25. fxg4 (25. fxe4 Re6 $14) (25. dxe4 Qe6 $16) 25... Qe6) 25. Ree1 $2 (25. cxd4 $18 exd4 {[#]} 26. fxg4 $1 {[%mdl 512]} dxe3 27. Qxf6+ Kg8 28. gxh5) 25... Qe7 (25... gxf3 $16 26. Rd1 Re6) 26. fxg4 hxg4 27. b4 $2 (27. cxd4 $18 cxd4 28. Ra1) 27... dxc3 $11 28. bxc5 Rac8 $2 (28... Bc8 $1 $15 {keeps the upper hand.}) 29. d4 $16 Red8 (29... Rh8 $16) 30. Qf5 $18 exd4 $2 (30... Rxd4 31. h5 Nxh5 32. Qxh5 Rh8 33. Qxg4 b4) 31. e5 Nd5 {White must now prevent ...Ne3.} 32. h5 Nb4 33. hxg6 {[%cal Rf5f7]} Nxc2 34. Qxc2 $2 (34. Bh4 fxg6 35. Bf6+ {[%mdl 64] Skewer} (35. Bxe7 $2 {perishes.} gxf5 36. Bxd8 Rxd8 $19) 35... Kh7 36. Qxg4 (36. Bxe7 $2 {is the wrong capture.} gxf5 37. Rc1 Re8 $19)) 34... d3 35. Qxc3 Rxc5 $2 (35... Qxc5+ 36. Qxc5 Rxc5 37. Rxf7+ {[%mdl 64] Double Attack} Kxg6) 36. Rxf7+ (36. Qb4 $142 a5 37. Qxg4) 36... Qxf7 $2 (36... Kxg6 37. Rxe7 Rxc3) 37. Qxc5 Qe6 {If only Black now had time for ...Rc8....} 38. axb5 $2 (38. Nf1 $18) 38... axb5 $2 {[%mdl 8192]} ({Better is} 38... Rc8 $1 $14 39. Qd4 Rc2) 39. Nf1 {White is clearly winning.} Rd5 (39... Rd7 $142 40. Bh4 Kxg6) 40. Qb4 Kxg6 41. Nd2 {Accuracy: White = 42%, Black = 15%.} 1-0

[Event "51st Belgrade WGM 2019"]
[Site "Belgrade"]
[Date "2019.03.19"]
[Round "1.4"]
[White "Chelushkina, Irina"]
[Black "Prudnikova, Svetlana"]
[Result "1-0"]
[WhiteElo "2277"]
[BlackElo "2233"]
[Annotator "TA"]
[PlyCount "65"]
[EventDate "2019.03.17"]
[EventType "tourn"]
[EventCountry "SRB"]
[SourceTitle "playchess.com"]
[Source "ChessBase"]
[SourceQuality "1"]

{[%evp 9,65,-39,4,4,14,18,25,3,13,-3,36,32,60,49,55,44,69,68,99,88,172,128,128,117,121,128,115,118,112,132,129,97,107,87,87,87,83,89,138,148,145,151,206,183,241,256,270,269,253,176,183,177,278,268,225,256,461,419]} 1. e4 e5 2. Nf3 Nc6 3. d3 Nf6 4. c3 d5 5. Qc2 Bg4 (5... a5 6. a4 Bc5 7. Be2 O-O 8. O-O h6 9. Na3 Qe7 10. h3 dxe4 11. dxe4 Nh5 12. Re1 Be6 13. Bc4 Bxa3 14. Bxe6 fxe6 15. Rxa3 Rxf3 16. gxf3 {½-½ (33) Jobava,B (2705)-Anton Guijarro,D (2651) Heraklio 2017}) 6. Be2 {C44: Ponziani Opening and Scotch Gambit} Be7 7. h3 Bh5 8. Nbd2 {White has an edge.} O-O 9. Nf1 $146 ({Predecessor:} 9. O-O h6 10. Re1 Bxf3 11. Bxf3 d4 12. Nf1 Bc5 13. b4 {0-1 (43) Schett,F (1943)-Egger,H (1835) Seefeld 2008}) 9... dxe4 10. dxe4 Qc8 11. g4 Bg6 12. Ng3 Kh8 13. Nh4 a6 14. Nhf5 Rd8 (14... Bxf5 $16 15. Nxf5 Qe6) 15. Nxe7 Nxe7 16. h4 {h5 is the strong threat.} h6 17. g5 Nfg8 18. h5 Bh7 19. Qb3 Rf8 20. gxh6 Nxh6 21. Bxh6 gxh6 22. O-O-O $36 {[%mdl 2048] White is really pushing.} b5 23. Qa3 c5 24. Rd6 f5 25. Bd3 (25. Rxh6 f4 $14) 25... f4 (25... Qc7 $16 26. Rxh6 (26. Rxa6 b4 $11) 26... Rad8) 26. Nf5 $1 $18 {[%cal Rf5e7]} Nxf5 (26... Ng8 $142 27. Rg1 (27. Nxh6 Qc7 $17) 27... Rf6) 27. exf5 Rd8 28. Rxd8+ Qxd8 29. Be4 b4 {[#]} 30. Qa4 $1 bxc3 (30... Rb8 {is a better defense.}) 31. bxc3 Rb8 32. Qxa6 Rb6 $2 (32... Qb6 33. Qxb6 Rxb6) 33. Qa7 {Accuracy: White = 75%, Black = 32%.} 1-0

[Event "51st Belgrade WGM 2019"]
[Site "Belgrade"]
[Date "2019.03.19"]
[Round "1.5"]
[White "Drljevic, Ljilja"]
[Black "Srdanovic, Jovana"]
[Result "1-0"]
[WhiteElo "2188"]
[BlackElo "2077"]
[Annotator "TA"]
[PlyCount "91"]
[EventDate "2019.03.17"]
[EventType "tourn"]
[EventCountry "SRB"]
[SourceTitle "playchess.com"]
[Source "ChessBase"]
[SourceQuality "1"]

{[%evp 21,91,26,24,18,19,17,47,35,30,27,27,16,33,9,52,27,79,89,101,53,97,67,110,39,65,36,43,43,54,42,75,60,55,49,59,44,58,40,36,-38,0,0,43,-14,0,0,0,-95,-93,-47,97,0,2,-187,67,54,175,0,182,177,180,176,320,332,347,335,328,321,453,428,502,480]} 1. d4 Nf6 2. Bg5 g6 3. Bxf6 exf6 4. e3 Bg7 5. g3 O-O 6. Bg2 d6 7. Ne2 Nd7 {[%cal Bb8d7,Bd7f6,Bf6e4][%mdl 32]} 8. c4 f5 9. Nbc3 Re8 10. O-O Nf6 11. Qc2 c6 {LiveBook: 8 Games. A45: Trompowsky Attack} 12. Rfd1 Qe7 13. b4 Ne4 {The position is equal.} 14. Rac1 Bd7 15. a4 $146 ({Predecessor:} 15. d5 c5 16. Nxe4 fxe4 17. bxc5 dxc5 18. d6 Qf6 19. Bxe4 Rab8 {1-0 (31) Rombaldoni,D (2496)-Esposito,L (2277) Vienna 2013}) 15... Rac8 16. c5 d5 17. b5 h5 18. Nf4 Be6 (18... Bh6 $11 {remains equal.}) 19. a5 $16 Bh6 20. Rb1 h4 21. a6 bxa6 22. bxc6 ({Much worse is} 22. bxa6 $6 hxg3 23. hxg3 Bxf4 $11) (22. Nxe6 $16 fxe6 23. bxc6 (23. Bxe4 fxe4 24. bxc6 Rxc6 $14) (23. bxa6 Nxc3 24. Qxc3 Rc7 $14)) 22... Bxf4 23. exf4 hxg3 24. hxg3 Rxc6 25. Rb3 Rec8 26. Rdb1 {[%mdl 1024] White has strong compensation.} Qf6 27. Qd3 ({Much weaker is} 27. Nxe4 dxe4 28. Rb4 a5 $15) 27... Kg7 28. Ne2 Qd8 29. f3 Nf6 30. R1b2 (30. Qd2 $14) 30... Ne8 31. Nc3 Nf6 32. Na2 (32. Bf1 $14) 32... a5 33. Nc3 $36 {[%mdl 2048] White is pushing.} a4 34. Nxa4 (34. Ra3 $11 {keeps the balance.}) 34... Nh5 $17 35. Kf2 Qf6 {[#]} (35... g5 $15 {stays ahead.} 36. fxg5 Qxg5) 36. Nc3 (36. Qe3 $1 $16) 36... Rh8 $1 $11 37. Ne2 $2 {[#]} (37. Rb8 $11 {and White is okay.}) 37... Rc7 $2 (37... Bc8 $1 $19 {White must now prevent ...Ba6.} 38. Rb7 Bxb7 39. Rxb7 Ra6) 38. Qe3 Rhc8 ({Black should play} 38... Qd8 $1 $14) 39. Ra3 $2 (39. Qe5 $18) 39... Ra8 $2 (39... Rxc5 $1 $11 40. Rxa7 R5c6) 40. Ra6 Rac8 {intending ...Rxc5.} 41. Qe5 Qxe5 (41... Kg8 $142 42. Nc3 Qg7) 42. fxe5 $18 Kf8 43. f4 Ng7 44. Nc3 Rd7 (44... Ne8 $142 45. Ke3 (45. Bxd5 Bxd5 46. Nxd5 Rd7 $16) 45... Rd8) 45. Rd6 Rcd8 46. Nxd5 {Accuracy: White = 45%, Black = 33%.} 1-0

[Event "51st Belgrade WGM 2019"]
[Site "Belgrade"]
[Date "2019.03.19"]
[Round "2.1"]
[White "Michelle Catherina, P."]
[Black "Srdanovic, Jovana"]
[Result "1-0"]
[WhiteElo "2175"]
[BlackElo "2077"]
[Annotator "TA"]
[PlyCount "99"]
[EventDate "2019.03.17"]
[EventType "tourn"]
[EventCountry "SRB"]
[SourceTitle "playchess.com"]
[Source "ChessBase"]
[SourceQuality "1"]

{[%evp 19,99,51,50,27,41,20,21,0,20,16,13,22,33,-14,15,9,52,-9,0,-6,35,22,42,45,131,136,151,77,250,6,4,27,18,21,130,138,168,126,137,121,120,126,250,237,278,272,265,222,210,184,166,172,192,212,239,239,260,233,253,247,329,48,52,55,195,172,162,46,46,41,142,68,281,0,0,0,64,65,345,338,644,630]} 1. e4 c5 2. Nf3 e6 3. d4 cxd4 4. Nxd4 a6 5. Bd3 Nf6 6. O-O Qc7 7. Qe2 d6 8. c4 g6 9. Nc3 Bg7 10. Be3 O-O 11. f4 {B42: Sicilian: Kan Variation: 5 Bd3} (11. Rac1 Nbd7 12. Rfd1 b6 13. f3 Bb7 14. Qd2 Rac8 15. Bf1 Rfd8 16. b4 Qb8 17. Na4 Bf8 18. Nb3 Bc6 19. Nc3 Ba8 20. Qf2 Ne5 21. Na4 d5 22. exd5 exd5 23. Bxb6 dxc4 24. Rxd8 Rxd8 25. Bxd8 Qxd8 26. Bxc4 {½-½ (34) Bok,B (2598)-Artemiev,V (2653) Doha 2016}) 11... Nbd7 12. Kh1 b6 13. Rac1 {The position is equal.} Bb7 14. b4 Rac8 15. Nb3 Rfe8 16. Bg1 {[#]} h5 $146 ({Predecessor:} 16... Qb8 17. c5 e5 18. f5 dxc5 19. bxc5 b5 20. a4 bxa4 21. Nxa4 gxf5 22. Rxf5 Bxe4 23. Bxe4 Qxb3 {1-0 (58) Kobalia,M (2500)-Kveinys,A (2535) Cappelle-la-Grande 1998}) 17. a3 Qb8 18. Bf2 (18. Nd2 $14) 18... Qa8 $11 19. Bg3 Bh6 20. Nd2 Bg7 21. h3 Rcd8 (21... Nh7 $14) 22. e5 $36 {[%mdl 2048] White has strong initiative.} Nh7 {With the idea ...dxe5.} 23. Nde4 (23. Nf3 $142) 23... Bf8 $2 (23... dxe5 $16 24. Nd6 exf4) 24. Bh4 $2 ({Less strong is} 24. exd6 f5 $16) ({White should try} 24. Rcd1 $18) 24... dxe5 $11 25. Bxd8 Rxd8 26. Ng5 {next Qc2 is good for White.} Bh6 (26... exf4 $1 $11 27. Nxh7 f3 28. gxf3 Kxh7) 27. Nxh7 $16 exf4 {aiming for ...f3.} 28. Be4 $1 Kxh7 29. Bxb7 Qxb7 30. Rcd1 Qb8 (30... Kh8 $16 {keeps fighting.} 31. Ne4 Rf8) 31. Ne4 $18 Nf8 32. Rxd8 Qxd8 33. c5 bxc5 34. Nxc5 a5 35. Nb7 $1 {[%cal Rb7d8]} Qb6 36. Nxa5 Nd7 37. Nc4 Qa6 38. Rb1 Qb5 {[#] intending ...Nb6.} 39. Re1 $1 Bg7 40. Qc2 $2 (40. Nd6 $18 Qxe2 41. Rxe2) 40... f3 $1 $14 41. gxf3 Nf6 (41... Qg5 $14) 42. Ne5 Qb7 43. b5 (43. Rg1 $18) 43... Nd5 $1 44. a4 {[%cal Ba3a4,Ba4a5][%mdl 32]} Qe7 {[#]} (44... Qb8 $14 45. Qh2 (45. Nxf7 Qg3 $15) 45... Qa7) 45. Qf2 $1 $16 {a5 is the strong threat.} Kg8 $2 (45... Bf6 $1 $14) 46. Nd3 $2 ({White should play} 46. a5 $18) 46... Qa3 $11 47. Qc2 Nb6 ({Better is} 47... Bf6 $11) 48. Rb1 $1 $14 Qd6 $2 {[%mdl 8192]} (48... Bd4 $14) 49. a5 $18 Nd5 $2 (49... Nd7 50. Nb4 Qf4) 50. b6 {Accuracy: White = 51%, Black = 23%.} 1-0

[Event "51st Belgrade WGM 2019"]
[Site "Belgrade"]
[Date "2019.03.19"]
[Round "2.3"]
[White "Voiska, Margarita"]
[Black "Dimitrova, Aleksandra"]
[Result "0-1"]
[WhiteElo "2203"]
[BlackElo "2259"]
[Annotator "TA"]
[PlyCount "54"]
[EventDate "2019.03.17"]
[EventType "tourn"]
[EventCountry "SRB"]
[SourceTitle "playchess.com"]
[Source "ChessBase"]
[SourceQuality "1"]

{[%evp 9,54,-8,1,0,0,-16,47,-6,-12,-33,-30,-70,-67,-88,-60,-76,-78,-93,-71,-180,-179,-387,-400,-379,-386,-406,-416,-505,-498,-584,-580,-581,-575,-578,-569,-554,-542,-740,-727,-858,-499,-490,-487,-451,-442,-410,-440]} 1. Nf3 Nf6 2. c4 e6 3. g3 d5 4. Bg2 dxc4 5. O-O c6 (5... a6 6. Qc2 Nbd7 7. a4 Nb6 8. a5 Nbd5 9. Qxc4 b5 10. axb6 cxb6 11. Nc3 Bb7 12. d4 b5 13. Qb3 Be7 {½-½ (67) Adhiban,B (2695)-Jumabayev,R (2602) Makati 2018}) 6. Qc2 {A13: English Opening: 1...e6} b5 {[%cal Bb7b5,Bb5b4][%mdl 32]} 7. a4 Nd5 (7... Bb7 $11) 8. b3 $146 (8. axb5 $14 cxb5 9. d3) ({Predecessor:} 8. axb5 cxb5 9. Nc3 Nxc3 10. Qxc3 Bb7 11. d3 cxd3 12. Rd1 b4 13. Qc4 {½-½ (41) Reitz,H-Van Spreckelsen,P Germany 1961}) 8... cxb3 $1 $11 9. Qxb3 b4 10. a5 Ba6 11. Re1 Be7 12. Bb2 O-O $36 {[%mdl 2048] Black has strong initiative.} 13. e4 Nf6 14. Ne5 (14. d4 $17 {was called for.}) 14... Nfd7 $19 {White must now prevent ...Nxe5.} 15. Rc1 $2 (15. Nf3 {was worth a try.}) 15... Nxe5 16. Bxe5 Nd7 17. Bd4 c5 18. Bb2 c4 19. Rxc4 Bxc4 20. Qxc4 Rc8 21. Qd4 {[%csl Gb2][%cal Rd4g7] [#]} e5 22. Qe3 Bc5 23. Qb3 Qf6 24. Bf3 Nb8 25. Kg2 Nc6 26. d3 Bd4 ({Don't play} 26... Nd4 27. Bxd4 Bxd4 28. Ra2 $19) 27. Nd2 {[#]} Bc3 $1 {Accuracy: White = 25%, Black = 80%.} 0-1

[Event "51st Belgrade WGM 2019"]
[Site "Belgrade"]
[Date "2019.03.19"]
[Round "2.4"]
[White "Benderac, Ana"]
[Black "Chelushkina, Irina"]
[Result "1/2-1/2"]
[WhiteElo "2204"]
[BlackElo "2277"]
[Annotator "TA"]
[PlyCount "31"]
[EventDate "2019.03.17"]
[EventType "tourn"]
[EventCountry "SRB"]
[SourceTitle "playchess.com"]
[Source "ChessBase"]
[SourceQuality "1"]

{[%evp 14,20,21,20,13,11,19,0,22]} 1. d4 d5 2. Nf3 Nf6 3. e3 e6 4. Be2 Be7 5. O-O O-O 6. c4 c6 7. Nc3 Nbd7 8. b3 {The position is equal.} b6 {D45: Semi-Slav: 5 e3} 9. Bb2 Bb7 10. cxd5 (10. Bd3 c5 11. Qe2 cxd4 12. exd4 Rc8 13. Ne5 dxc4 14. bxc4 Nxe5 15. dxe5 Nd7 16. Rad1 Bc6 17. Nb5 Bxb5 18. cxb5 g6 19. f4 Qc7 20. g4 Nc5 21. Bc2 {½-½ (31) Pelletier,Y (2557)-Bogner,S (2556) Flims 2016}) 10... exd5 (10... cxd5) {Predecessor:} 11. a4 $146 Re8 12. Ba3 c5 13. Rc1 Bf8 14. dxc5 bxc5 15. Bd3 Rc8 16. Bb2 {0-1 (32) Gonzalez Santamartina,J (2126)-Diaz Velandia,J (2343) Linares 2016} 1/2-1/2

[Event "51st Belgrade WGM 2019"]
[Site "Belgrade"]
[Date "2019.03.19"]
[Round "2.5"]
[White "Strutinskaia, Galina"]
[Black "Djukic, Sandra"]
[Result "0-1"]
[WhiteElo "2225"]
[BlackElo "2157"]
[Annotator "TA"]
[PlyCount "76"]
[EventDate "2019.03.17"]
[EventType "tourn"]
[EventCountry "SRB"]
[SourceTitle "playchess.com"]
[Source "ChessBase"]
[SourceQuality "1"]

{[%evp 9,76,49,55,13,6,0,11,8,27,8,62,62,55,59,65,54,69,70,77,62,74,62,33,38,19,-45,-44,-161,-151,-555,-544,-837,-827,-681,-557,-723,-720,-1348,-1335,-1287,-746,-714,-735,-780,-782,-761,-758,-678,-461,-469,-459,-451,-405,-582,-594,-611,-597,-693,-674,-683,-628,-797,-823,-820,-814,-954,-947,-939,-931]} 1. d4 d6 2. Nf3 Bg4 3. e4 Nd7 4. h3 Bh5 5. c4 (5. Nc3 c6 6. Qe2 e5 7. g4 Bg6 8. Bg2 Be7 9. h4 h6 10. Bd2 Ngf6 11. Bh3 Qb6 12. dxe5 dxe5 {1-0 (30) Riazantsev,A (2671)-Plat,V (2532) Tallinn 2016}) 5... e5 6. d5 {A41: 1 d4 d6: Tartakower System and Modern Defence} Nc5 7. Nc3 Nf6 8. Bd3 {The position is equal.} Be7 9. Bc2 a5 (9... c6 $11) 10. Be3 $14 Nfd7 11. g4 Bg6 12. Qe2 h5 $146 {Black wants to play ...hxg4.} ({Predecessor:} 12... c6 13. O-O-O a4 14. h4 {½-½ (30) Hertweck,M-Melzer,O Germany 1993}) 13. O-O-O h4 14. Rhg1 a4 15. Kb1 a3 {Threatening ...axb2.} 16. b3 c6 17. dxc6 (17. Qe1 $11) 17... bxc6 $15 18. Bxc5 ({White should try} 18. Qd2 $15) 18... Nxc5 $19 19. Nxe5 $2 {[#]} (19. Qe3 $17 Qa5 20. Ne2) 19... Qa5 20. Nd3 Qxc3 21. Qe1 Qf6 22. g5 Qd4 {[#] ( -> ...Nxd3)} 23. Kc1 Nxe4 24. Bb1 Qc3+ 25. Qxc3 Nxc3 26. Rd2 Nxb1 27. Kxb1 Bf5 28. Kc1 Bxd3 29. Rxd3 f6 30. gxf6 gxf6 31. f4 (31. Kd2 $142) 31... Kf7 {Black is clearly winning.} 32. Re1 f5 33. b4 Rab8 34. c5 d5 35. Rxa3 Rxb4 36. Ra7 Re4 37. Rf1 Rb8 38. Kc2 Rb5 {Accuracy: White = 34%, Black = 68%.} 0-1